<?xml version="1.0" encoding="UTF-8"?>
<collection xmlns="http://www.loc.gov/MARC21/slim">
<record>
  <controlfield tag="001">171278</controlfield>
  <controlfield tag="005">20260515163946.0</controlfield>
  <datafield tag="024" ind1="7" ind2=" ">
    <subfield code="2">doi</subfield>
    <subfield code="a">10.5565/rev/rubrica.533</subfield>
  </datafield>
  <datafield tag="024" ind1="8" ind2=" ">
    <subfield code="2">sideral</subfield>
    <subfield code="a">149313</subfield>
  </datafield>
  <datafield tag="037" ind1=" " ind2=" ">
    <subfield code="a">ART-2026-149313</subfield>
  </datafield>
  <datafield tag="041" ind1=" " ind2=" ">
    <subfield code="a">spa</subfield>
  </datafield>
  <datafield tag="100" ind1=" " ind2=" ">
    <subfield code="a">Esteban Zuriaga, María José</subfield>
  </datafield>
  <datafield tag="245" ind1=" " ind2=" ">
    <subfield code="a">Redes femeninas y movimiento ecuménico : del Women’s Ecumenical Liaison Group al Forum Ecuménico de Mujeres Cristianas de Europa (1965-1986)</subfield>
  </datafield>
  <datafield tag="260" ind1=" " ind2=" ">
    <subfield code="c">2026</subfield>
  </datafield>
  <datafield tag="520" ind1="3" ind2=" ">
    <subfield code="a">El desarrollo del ecumenismo cristiano a lo largo del siglo XX generó nuevas oportunidades de diálogo interconfesional y cooperación entre iglesias. En este contexto, las mujeres cristianas comenzaron a reivindicar espacios propios de participación dentro de un movimiento inicialmente dominado por estructuras masculinas. La creación en 1968 del Women’s Ecumenical Liaison Group (WELG) representó un hito al proporcionar un foro desde el que mujeres de distintas confesiones pudieron articular preocupaciones comunes, impulsar iniciativas de formación y reflexión y reclamar una mayor presencia femenina en la vida eclesial y social. Sin embargo, las tensiones entre la autonomía de este grupo y las dinámicas institucionales del ecumenismo oficial condujeron a su disolución en 1972. A pesar de ello, las redes transnacionales creadas en torno al WELG mantuvieron vivo el impulso ecuménico femenino y contribuirían al surgimiento de nuevas plataformas europeas de colaboración.</subfield>
  </datafield>
  <datafield tag="506" ind1="0" ind2=" ">
    <subfield code="a">Access copy available to the general public</subfield>
    <subfield code="f">Unrestricted</subfield>
  </datafield>
  <datafield tag="536" ind1=" " ind2=" ">
    <subfield code="9">info:eu-repo/grantAgreement/ES/MICIU/PID2023-147203NA-I00</subfield>
  </datafield>
  <datafield tag="540" ind1=" " ind2=" ">
    <subfield code="9">info:eu-repo/semantics/openAccess</subfield>
    <subfield code="a">by</subfield>
    <subfield code="u">https://creativecommons.org/licenses/by/4.0/deed.es</subfield>
  </datafield>
  <datafield tag="655" ind1=" " ind2="4">
    <subfield code="a">info:eu-repo/semantics/article</subfield>
    <subfield code="v">info:eu-repo/semantics/publishedVersion</subfield>
  </datafield>
  <datafield tag="700" ind1=" " ind2=" ">
    <subfield code="a">Pérez del Puerto, Ángela</subfield>
  </datafield>
  <datafield tag="773" ind1=" " ind2=" ">
    <subfield code="g">15, 32 (2026), 49-68</subfield>
    <subfield code="p">Rúbrica contemp.</subfield>
    <subfield code="t">Rúbrica Contemporánea</subfield>
    <subfield code="x">2014-5748</subfield>
  </datafield>
  <datafield tag="856" ind1="4" ind2=" ">
    <subfield code="s">315875</subfield>
    <subfield code="u">http://zaguan.unizar.es/record/171278/files/texto_completo.pdf</subfield>
    <subfield code="y">Versión publicada</subfield>
  </datafield>
  <datafield tag="856" ind1="4" ind2=" ">
    <subfield code="s">1498901</subfield>
    <subfield code="u">http://zaguan.unizar.es/record/171278/files/texto_completo.jpg?subformat=icon</subfield>
    <subfield code="x">icon</subfield>
    <subfield code="y">Versión publicada</subfield>
  </datafield>
  <datafield tag="909" ind1="C" ind2="O">
    <subfield code="o">oai:zaguan.unizar.es:171278</subfield>
    <subfield code="p">articulos</subfield>
    <subfield code="p">driver</subfield>
  </datafield>
  <datafield tag="951" ind1=" " ind2=" ">
    <subfield code="a">2026-05-15-14:56:33</subfield>
  </datafield>
  <datafield tag="980" ind1=" " ind2=" ">
    <subfield code="a">ARTICLE</subfield>
  </datafield>
</record>
</collection>